Kr̥dantarūpamālā / (Record no. 73753)
[ view plain ]
| 000 -LEADER | |
|---|---|
| fixed length control field | 01110cam a2200265 i 4500 |
| 001 - CONTROL NUMBER | |
| control field | sa 67003269 |
| 003 - CONTROL NUMBER IDENTIFIER | |
| control field | DLC |
| 005 - DATE AND TIME OF LATEST TRANSACTION | |
| control field | 20260227112337.0 |
| 008 - FIXED-LENGTH DATA ELEMENTS--GENERAL INFORMATION | |
| fixed length control field | 840716m19651971ii b 000 0 sano |
| 010 ## - LIBRARY OF CONGRESS CONTROL NUMBER | |
| LC control number | sa 67003269 |
| 040 ## - CATALOGING SOURCE | |
| Original cataloging agency | DLC |
| Transcribing agency | DLC |
| Modifying agency | DLC |
| 050 00 - LIBRARY OF CONGRESS CALL NUMBER | |
| Classification number | PK703 |
| Item number | .R3 |
| 100 2# - MAIN ENTRY--PERSONAL NAME | |
| Personal name | Ramasubba Sastri, S. |
| 245 10 - TITLE STATEMENT | |
| Title | Kr̥dantarūpamālā / |
| Statement of responsibility, etc. | Śa. Rāmasubrahmaṇyaśāstribhiḥ sandhr̥bdhā ; Ve. Rāghavācāryāṇāṃ Ce. Pa. Rāmasvāmyāryāṇāṃ ca āmukhābhyāṃ sahitā. |
| 260 ## - PUBLICATION, DISTRIBUTION, ETC. | |
| Place of publication, distribution, etc. | Madrās : |
| Name of publisher, distributor, etc. | Madrapurīsaṃskr̥tavidyāsamitisacivaiḥ prakāśitā, |
| Date of publication, distribution, etc. | 1965-71. |
| 300 ## - PHYSICAL DESCRIPTION | |
| Extent | 5 v. in 4 ; |
| Dimensions | 25 cm. |
| 500 ## - GENERAL NOTE | |
| General note | Cover title: Kr̥dantarūpamālā; a concordance of verbal derivatives. |
| 500 ## - GENERAL NOTE | |
| General note | Vols. 3-5 completed by V. Srivatsankacharya and T.K. Pranatartiharan. |
| 500 ## - GENERAL NOTE | |
| General note | In Sanskrit; introductory matter in English or Sanskrit. |
| 504 ## - BIBLIOGRAPHY, ETC. NOTE | |
| Bibliography, etc. note | Bibliography: v. 1, p. [xv]-xvii. |
| 650 #0 - SUBJECT ADDED ENTRY--TOPICAL TERM | |
| Topical term or geographic name entry element | Sanskrit language |
| General subdivision | Word formation. |
| 650 #0 - SUBJECT ADDED ENTRY--TOPICAL TERM | |
| Topical term or geographic name entry element | Sanskrit language |
| General subdivision | Dictionaries. |
| 700 1# - ADDED ENTRY--PERSONAL NAME | |
| Personal name | Pranatartiharan, T. K. |
| 700 1# - ADDED ENTRY--PERSONAL NAME | |
| Personal name | Śrīvatsāṅkācāryar, Vā., |
| Dates associated with a name | 1936- |
No items available.